Statistiques concernant Le royaume du Lesotho

Cliquez ici pour prendre le quiz!

Statistiques générales

  • Ce quiz a été pris 54 fois
  • Le résultat moyen est 6 sur 10

Statistiques - réponses

QuestionRéponse% Correct
Sur quel continent se trouve ce pays ?Afrique
100%
Dans quel autre pays est-il enclavé ?Afrique du Sud
98%
Quelle est la seconde langue ?anglais
92%
Quel est le sport le plus populaire du pays ?football
72%
Quelle est sa capitale ?Maseru
62%
De quel pays est-il devenu indépendant en 1966 ?Royaume Uni
62%
Quel objet figure au milieu du drapeau national ?chapeau
38%
Quelle est la première langue parlée du pays ?sotho
18%
Jusqu'en 1966, comment s'appelait-il ?Basutoland
16%
Quelle est sa devise monétaire ?loti
14%

Distribution des résultats

Percentile par nombre de réponses

% des personnes avec chaque résultat

Votre développement - résultats

Vous n’avez pas pris ce quiz